| 000 | 00828nam a22002777a 4500 | ||
|---|---|---|---|
| 005 | 20230512222059.0 | ||
| 008 | 180518t xxu||||| |||| 00| 0 eng d | ||
| 020 | _a1930598548 | ||
| 040 | _cCSPC | ||
| 082 | 0 |
_a615.1 _bL119d |
|
| 100 |
_aLacy, Charles F., _eauthor. |
||
| 245 | 0 | 0 |
_aDrug information handbook/ _cCharles F. Lacy |
| 250 |
_aNinth (9th) _bedition. |
||
| 260 |
_aUSA : _bLexi-comp ; _c2002. |
||
| 300 |
_a1592 pages : _bfigures, tables ; _c23 cm. |
||
| 500 | _aIncludes Index. | ||
| 650 | 1 | 0 | _aClinical pharmacology. |
| 650 | 1 | 0 | _aDrugs. |
| 700 | 1 |
_aArmstrong, Lora L., _eauthor. |
|
| 700 | 1 |
_aGoldman, Morton P., _eauthor. |
|
| 700 | 1 |
_aLance, Leonard L., _eauthor. |
|
| 940 | _ayves | ||
| 942 |
_cBOOK _jNUR 615.1 L119d 2002 |
||
| 999 |
_c4585 _d4585 |
||